El Juez y la defensa de la democracia: Un enfoque a partir de los derechos humanos /
Enregistré dans:
| Collectivités auteurs: | , |
|---|---|
| Format: | Texte |
| Publié: |
San José:
IIDH
|
| Tags: |
Ajouter un tag
Pas de tags, Soyez le premier à ajouter un tag!
|
MARC
| LEADER | 00000 a a2200000 04500 | ||
|---|---|---|---|
| 001 | 22857 | ||
| 003 | |||
| 040 | |a CRAI/IIS |c CRAI/IIS | ||
| 020 | |a 9977-962-47-2 | ||
| 090 | |a 156800 | ||
| 110 | |a Instituto de Derechos Humanos | ||
| 245 | |a El Juez y la defensa de la democracia: Un enfoque a partir de los derechos humanos / |c Instituto de Derechos Humanos | ||
| 260 | |a San José: |b IIDH | ||
| 300 | |a 548 p. | ||
| 710 | |a Comisión de las Comunidades Europeas |a IIDH |a CE | ||
| 999 | |c 17036 |d 17036 | ||



